Central Library OPAC University of Rajshahi

Saint Basil : (Record no. 30863)

MARC details
000 -LEADER
fixed length control field 01342nam a2200301 a 4500
001 - CONTROL NUMBER
control field 30863
003 - CONTROL NUMBER IDENTIFIER
rucl marc code BD-RJUL
005 - DATE AND TIME OF LATEST TRANSACTION
control field 20211209051627.0
008 - FIXED-LENGTH DATA ELEMENTS--GENERAL INFORMATION
fixed length control field 140411m19501939maub b 000 0 eng d
035 ## - SYSTEM CONTROL NUMBER
System control number (BD-RJUL)30950
040 ## - CATALOGING SOURCE
Original cataloging agency INA
Transcribing agency INA
Modifying agency OCL
-- EQO
Language of cataloging eng
041 1# - LANGUAGE CODE
Language code of text/sound track or separate title eng
Language code of original grc
082 ## - DEWEY DECIMAL CLASSIFICATION NUMBER
Classification number 189
Author mark and year BAS 1950
090 ## - LOCALLY ASSIGNED LC-TYPE CALL NUMBER (OCLC); LOCAL CALL NUMBER (OCLC)
Classification number (OCLC) (R) ; Classification number, CALL (RLIN) (NR) BR65.B32
Local cutter number (OCLC) ; Book number/undivided call number, CALL (RLIN) D4
100 0# - MAIN ENTRY--PERSONAL NAME
Personal name Basil,
Dates associated with a name approximately 329-379.
9 (RLIN) 93763
245 10 - TITLE STATEMENT
Title Saint Basil :
Remainder of title the letters /
Statement of responsibility, etc. with an English translation by Roy J. Deferrari.
Number of part/section of a work V-4
260 ## - PUBLICATION, DISTRIBUTION, ETC. (IMPRINT)
Place of publication, distribution, etc. Cambridge, Mass :
Name of publisher, distributor, etc. Harvard University Press ;
Place of publication, distribution, etc. London :
Name of publisher, distributor, etc. W. Heinemann,
Date of publication, distribution, etc. c1939[reprinting1950]
300 ## - PHYSICAL DESCRIPTION
Pagination 461 p. :
Illustrations ill. ;
Size 14 cm.
500 ## - GENERAL NOTE
General note First published 1926-39.
General note Greek and English on opposite pages.
General note "Address to young men on reading Greek literature," with an English translation by R. J. Deferrari and M. R. P. McGuire: v. 4, p. [363]-435.
504 ## - BIBLIOGRAPHY, ETC. NOTE
Bibliography, etc Bibliography: v. 1, p. xli-xlv; v. 4, p. xiv-xv. Includes indexes.
700 1# - ADDED ENTRY--PERSONAL NAME
Personal name Deferrari, Roy J.
Fuller form of name (Roy Joseph),
Dates associated with a name 1890-1969.
Personal name McGuire, Martin R. P.
Fuller form of name (Martin Rawson Patrick),
Dates associated with a name 1897-1969.
Personal name Basil,
Dates associated with a name approximately 329-379.
830 #0 - SERIES ADDED ENTRY--UNIFORM TITLE
Uniform title Loeb classical library.
942 ## - ADDED ENTRY ELEMENTS (KOHA)
Source of classification or shelving scheme Dewey Decimal Classification
Koha item type Books
Holdings
Lost status Source of classification or shelving scheme Damaged status Not for loan Collection code Permanent Location Current Location Shelving location Date acquired Source of acquisition Cost, normal purchase price Total Checkouts Full call number Date last seen Copy number Koha item type
  Dewey Decimal Classification   Not For Loan Non-fiction Central Library, University of Rajshahi Central Library, University of Rajshahi Reading Room 10/03/1955 SIMPKIM MASSHALL 15.00   189 BAS 1950 12/04/2014 C-1 Books
  Dewey Decimal Classification     Non-fiction Central Library, University of Rajshahi Central Library, University of Rajshahi General Stacks 10/03/1955 Simpkin Marcell     189 BAS V-2 1950 28/06/2025 C-1 Books